| 000 | 00634nam a2200205Ia 4500 | ||
|---|---|---|---|
| 003 | 0100 | ||
| 008 | 130303s9999 xx 000 0 und d | ||
| 020 | _a812216563 | ||
| 040 | _cARRUPELIB | ||
| 050 | _aD161.1.F571998 | ||
| 245 | 4 | _aThe First Crusade | |
| 260 | _aPhiladelphia | ||
| 260 | _bUniversity of Pennsylvania | ||
| 260 | _C1998 | ||
| 300 | _a23cm. | ||
| 300 | _b317p. | ||
| 650 | _bSoviet Union--Officials and employees--Biography Soviet Union--Politics and government--1953-1985 Soviet Union--Foreign relations--1975-1985 Soviet Union--Foreign relations--1985 | ||
| 700 | _aedited by Edwaed Peters | ||
| 942 | 0 | 0 | _01 |
| 999 |
_c10698 _d10698 |
||